Help others / (Record no. 799356)

MARC details
000 -LEADER
fixed length control field 00691nam a22002297r 4500
003 - CONTROL NUMBER IDENTIFIER
control field 3228
005 - DATE AND TIME OF LATEST TRANSACTION
control field 20260602101655.0
008 - FIXED-LENGTH DATA ELEMENTS--GENERAL INFORMATION
fixed length control field 260602b sa a|||b |||| 00| 1 eng d
020 ## - INTERNATIONAL STANDARD BOOK NUMBER
International Standard Book Number 9789385031786 (paperback)
040 ## - CATALOGING SOURCE
Original cataloging agency MPL
Language of cataloging eng
Transcribing agency 3228
Description conventions Resource Description and Access
041 ## - LANGUAGE CODE
Language code of text/sound track or separate title English
082 #0 - DEWEY DECIMAL CLASSIFICATION NUMBER
Classification number EKF GANG
100 ## - MAIN ENTRY--PERSONAL NAME
9 (RLIN) 187732
Personal name Ganguly, Swayam
Relator term author
245 ## - TITLE STATEMENT
Title Help others /
Statement of responsibility, etc. Text by Swayam Ganguly
260 ## - PUBLICATION, DISTRIBUTION, ETC.
Place of publication, distribution, etc. India :
Name of publisher, distributor, etc. OM Books International :
Date of publication, distribution, etc. ©2016,
-- 2022.
300 ## - PHYSICAL DESCRIPTION
Extent Unnumbered pages :
Other physical details illustrations ;
Dimensions 28 cm
490 ## - SERIES STATEMENT
Series statement Good Manners
655 #0 - INDEX TERM--GENRE/FORM
9 (RLIN) 188803
Genre/form data or focus term Information Fiction
655 #0 - INDEX TERM--GENRE/FORM
9 (RLIN) 199622
Genre/form data or focus term Learning Fiction
655 #0 - INDEX TERM--GENRE/FORM
9 (RLIN) 188586
Genre/form data or focus term Children's Fiction
942 ## - ADDED ENTRY ELEMENTS
Source of classification or shelving scheme Dewey Decimal Classification
item type Books
-- 296
-- Phillipina Naude
-- 296
-- Phillipina Naude
Holdings
Withdrawn status Lost status Source of classification or shelving scheme Damaged status Not for loan Collection code Home library Current library Shelving location Date acquired Total Checkouts Full call number Barcode Date last seen Price effective from item type Public note
    Dewey Decimal Classification       Mashishing LYDENBURG REGIONAL LIBRARY Fiction 10.06.2026   EKF GANG 3228200024973 10.06.2026 10.06.2026 Books  
    Dewey Decimal Classification     Fiction eMalahleni Main PL (MMID-PLEM) eMalahleni Main PL (MMID-PLEM) Children's Area 02.06.2026   EKF GANG 3228200028342 02.06.2026 02.06.2026 Books 799356